Delito de lesiones

Guardat en:
Dades bibliogràfiques
Autor principal: Arroyo de las Heras, Alfonso (Autor)
Altres autors: Muñoz Cuesta, Javier (autor)
Format: Llibre
Idioma:espanyol
Publicat: Pamplona Aranzadi 1993
Matèries:
Etiquetes: Afegir etiqueta
Sense etiquetes, Sigues el primer a etiquetar aquest registre!

MARC

LEADER 00000nam a2200000 a 4500
001 UCT2876
003 CL-VaPUC
008 961018e19930000SP |||||||||||||||||spa|d
082 0 4 |a 345.025  |b ARR  |2 21 
100 0 |a Arroyo de las Heras, Alfonso  |e author  |9 371855 
700 |a Muñoz Cuesta, Javier  |e autor  |9 472485 
245 1 0 |a Delito de lesiones 
300 |a 278 p 
942 |c BK 
945 |d 19961018 00:00:00  |a nastorga 
260 |a Pamplona  |b Aranzadi  |c 1993 
650 7 |a DELITOS CONTRA LA SALUD  |2 CL-VaPUC  |9 371857 
650 7 |a DELITOS CONTRA LAS PERSONAS  |2 CL-VaPUC  |9 256124 
650 7 |a LESIONES  |2 CL-VaPUC  |9 341963 
650 0 |a Delitos  |9 224143 
650 0 |a Asistencia médica   |9 371858 
650 7 |a TRATAMIENTO MEDICO  |2 CL-VaPUC  |9 371859 
650 0 |a Enfermedades  |9 263059 
650 7 |a MALTRATO INTRAFAMILIAR  |2 CL-VaPUC  |9 365359 
583 |a last modification  |c 20130429 10:36:16  |k Rodrigo Vera 
999 |c 252769  |d 252767 
952 |0 0  |1 0  |4 0  |6 345_025000000000000_ARR_1993  |7 0  |8 A  |9 272857  |a BIBDER  |b BIBDER  |d 2019-11-19  |i 3241777  |o 345.025 ARR 1993  |p 3241777  |r 2019-11-19  |w 2019-11-19  |y BK  |k DER